000 00374cam a22001217a 4500
008 180718b1979 xxu||||| |||| 00| 0 eng d
082 _aA81x54 In2/71/Pap 2/1979
100 _aCensus of India 1971
245 _aIndia: migration in India
260 _aDelhi
_bThe Manager of Publications
_c1979
300 _a139+p.
440 _aCensus of India 1971. India. Paper No. 2 of 1979
999 _c484836
_d484836